Normal view
MARC view
Entry Personal Name
001 - CONTROL NUMBER
- control field: 1131840
003 - CONTROL NUMBER IDENTIFIER
- control field: OSt
005 - DATE AND TIME OF LATEST TRANSACTION
- control field: 20260312121612.0
008 - FIXED-LENGTH DATA ELEMENTS
- fixed length control field: 260312|| aca||aabn | a|a d
040 ## - CATALOGING SOURCE
- Original cataloging agency: OSt
- Transcribing agency: OSt
100 ## - HEADING--PERSONAL NAME
- Personal name: Stefani Milovanska-Farrington
670 ## - SOURCE DATA FOUND
- Source citation: Work cat.: (OSt)1715226: Stefani Milovanska-Farrington, Principles of Microeconomics: From Theory to Practice and Applications , 2025
